000 00763cam a2200205 i 4500
005 20260201083845.0
008 250721s2023 jo gr 000 0 ara d
020 _a9789957922658
082 1 4 _a371.1
_bح س ى
100 1 _aحسين، سلامة عبدالعظيم
_eمؤلف.
245 1 2 _aالقيادة التربوية للمعلم /
_cد. سلامة عبد العظيم حسين.
250 _aالطبعة الأولى.
264 3 1 _aعمان :
_bدار الفكر ناشرون وموزعون،
_c2023.
300 _a391 صفحة.
650 1 7 _aالقيادة التربوية.
650 1 7 _aالمدرسون.
650 1 7 _aالعلاقات بين المدرسين والطلبة.
942 _2ddc
_cBK
999 _c145587
_d145587